01326nam a2200301 i 450000100060000000300090000600500170001500700030003200800410003502000180007608000140009408000170010808000220012524502380014726000780038530000220046349000590048565000360054465000480058065000230062870000380065171000450068971000760073483000530081085200220086399900170088595201220090266859ES-MaACL20250826073321.0t|030723s2003 sp ||||0| spa d a84-451-2448-X a331:392.3 a331.58-055.2 a316.663:316.346.204aUna nueva sociedad, mujeres y hombres a partes iguales b: curso organizado por la Dirección General de la Mujer en la Universidad Complutense de El Escorial (29 julio-2 de agosto de 2002) / cCostanza Tobío, directora del curso. aMadrid : bComunidad de Madrid, Dirección General de la Mujer, c[2003] a300 p. ; c22 cm.1 aPublicaciones / Dirección General de la Mujer ; v29 7aTrabajo y familia2embne91760414aMujeres-xIgualdad de oportunidades.915291 4aRol sexual.9169271 aTobío Soler, Constanza.91103822 aUniversidad Complutense de Madrid.970981 aMadrid (Comunidad Autónoma). bDirección General de la Mujer.9561510aDGM, Dirección General de la Mujerv299228545 aES-MaACLjL-27332 c66859d66859 00104070aATENEOMbATENEOMcDEPO2d2008-01-17eSCl0oL-27332p1070028r2023-02-23 00:00:00w2023-02-23yMONOGRAFIA